000 00690 a2200169 4500
999 _c10391
_d10391
020 _a9780323509510
050 _aRD84 GRA 2019
100 _a Gray, Andrew T.
_eauthor
245 _aAtlas of ultrasound-guided regional anesthesia /
_cAndrew T. Gray
264 _aPhiladelphia, PA :
_bElsevier, Inc,
_c ♭2019
300 _a1 online resource (ix, 412 pages) : illustrations (some color)
500 _aRevised edition of: Atlas of ultrasound-guided regional anesthesia / Andrew T. Gray. 2nd edition, ♭2013. lncludes index
650 _aConduction anesthesia -- Atlases.
650 _aUltrasonic imaging -- Atlases
650 _a Conduction anesthesia.
942 _2lcc
_cBK
_h84
_iGRA
_kRD